| 000 -LEADER |
| fixed length control field |
00752nam a22002297a 4500 |
| 005 - DATE AND TIME OF LATEST TRANSACTION |
| control field |
20241122113512.0 |
| 008 - FIXED-LENGTH DATA ELEMENTS--GENERAL INFORMATION |
| fixed length control field |
241122b ||||| |||| 00| 0 eng d |
| 020 ## - INTERNATIONAL STANDARD BOOK NUMBER |
| International Standard Book Number |
9781408331361 |
| 040 ## - CATALOGING SOURCE |
| Transcribing agency |
KH8 |
| 082 ## - DEWEY DECIMAL CLASSIFICATION NUMBER |
| Classification number |
823.92 KEA |
| 100 ## - MAIN ENTRY--PERSONAL NAME |
| Personal name |
Keane, Jerome |
| Relator term |
Author |
| 245 ## - TITLE STATEMENT |
| Title |
Mine! / |
| Statement of responsibility, etc. |
Jerome Keane |
| 260 ## - PUBLICATION, DISTRIBUTION, ETC. |
| Place of publication, distribution, etc. |
London, |
| Name of publisher, distributor, etc. |
Orchard Books, |
| Date of publication, distribution, etc. |
2014 |
| 300 ## - PHYSICAL DESCRIPTION |
| Extent |
1 volume (unpaged) : |
| Other physical details |
color illustrations ; |
| Dimensions |
28 cm |
| 520 ## - SUMMARY, ETC. |
| Summary, etc. |
"Learning to share isn't always easy. Why not start with this boo? Hands up if you want to read it."<br/> |
| 521 ## - TARGET AUDIENCE NOTE |
| Target audience note |
<br/>Picture books for children |
| 650 ## - SUBJECT ADDED ENTRY--TOPICAL TERM |
| Topical term or geographic name entry element |
Children's picture books |
| 650 ## - SUBJECT ADDED ENTRY--TOPICAL TERM |
| Topical term or geographic name entry element |
Children's stories |
| 650 ## - SUBJECT ADDED ENTRY--TOPICAL TERM |
| Topical term or geographic name entry element |
Juvenile works |
| 700 ## - ADDED ENTRY--PERSONAL NAME |
| Personal name |
Susana De Dios |
| Relator term |
Illustrator |
| 942 ## - ADDED ENTRY ELEMENTS (KOHA) |
| Source of classification or shelving scheme |
|
| Koha item type |
Books - Fiction |